|
|
|
|
| LEADER |
00000cam a22000004a 4500 |
| 001 |
musev2_698 |
| 003 |
MdBmJHUP |
| 005 |
20230905040123.0 |
| 006 |
m o d |
| 007 |
cr||||||||nn|n |
| 008 |
100504r20101998wvu o 00 0 eng d |
| 010 |
|
|
|z 2010290408
|
| 020 |
|
|
|a 9781933202976
|
| 020 |
|
|
|z 9781933202518
|
| 020 |
|
|
|z 9781938228261
|
| 035 |
|
|
|a (OCoLC)801665501
|
| 040 |
|
|
|a MdBmJHUP
|c MdBmJHUP
|
| 043 |
|
|
|a n-us-wv
|
| 050 |
0 |
4 |
|a F241
|b .T47 2010
|
| 082 |
0 |
|
|a 975.4
|2 21
|
| 100 |
1 |
|
|a Thomas, Jerry Bruce,
|d 1941-
|
| 245 |
1 |
3 |
|a AN APPALACHIAN NEW DEAL :
|b WEST VIRGINIA IN THE GREAT DEPRESSION /
|c Jerry Bruce Thomas.
|
| 250 |
|
|
|a Pbk. ed.
|
| 264 |
|
1 |
|a Morgantown :
|b West Virginia University Press,
|c 2010
|
| 264 |
|
3 |
|a Baltimore, Md. :
|b Project MUSE,
|c 2012
|
| 264 |
|
4 |
|c ©2010
|
| 300 |
|
|
|a 1 online resource (332 pages):
|b ill., map ;
|
| 336 |
|
|
|a text
|b txt
|2 rdacontent
|
| 337 |
|
|
|a computer
|b c
|2 rdamedia
|
| 338 |
|
|
|a online resource
|b cr
|2 rdacarrier
|
| 490 |
0 |
|
|a West Virginia and Appalachia ;
|v v. 11
|
| 500 |
|
|
|a Originally published: Lexington, Ky. : University Press of Kentucky, c1998.
|
| 504 |
|
|
|a Includes bibliographical references (p. [285]-299) and index.
|
| 588 |
|
|
|a Description based on print version record.
|
| 651 |
|
0 |
|a West Virginia
|x Economic conditions.
|
| 651 |
|
0 |
|a West Virginia
|x Social conditions.
|
| 651 |
|
0 |
|a West Virginia
|x Politics and government.
|
| 651 |
|
0 |
|a West Virginia
|x History
|y To 1950.
|
| 650 |
|
0 |
|a New Deal, 1933-1939
|z West Virginia.
|
| 650 |
|
0 |
|a Depressions
|y 1929
|z West Virginia.
|
| 655 |
|
7 |
|a Electronic books.
|2 local
|
| 710 |
2 |
|
|a Project Muse.
|e distributor
|
| 830 |
|
0 |
|a Book collections on Project MUSE.
|
| 856 |
4 |
0 |
|z Texto completo
|u https://projectmuse.uam.elogim.com/book/698/
|
| 945 |
|
|
|a Project MUSE - Custom Collection
|
| 945 |
|
|
|a Project MUSE - 2010 US Regional Studies, South
|
| 945 |
|
|
|a Project MUSE - 2010 Complete
|